LIBRARY & INFORMATION CENTRE, KCAET, TAVANUR

ONLINE PUBLIC ACCESS CATALOGUE (OPAC)

B.A Indian economic: full view at a glance (Record no. 11219)

MARC details
000 -LEADER
fixed length control field 00362cam a2200145ua 4500
041 ## - LANGUAGE CODE
Language code of text/sound track or separate title eng
082 ## - DEWEY DECIMAL CLASSIFICATION NUMBER
Classification number 330.954
Item number SAC/BA
100 ## - MAIN ENTRY--AUTHOR NAME
Personal name T.N. Sachadeva, Sachdeva .
245 ## - TITLE STATEMENT
Title B.A Indian economic: full view at a glance
260 ## - PUBLICATION, DISTRIBUTION, ETC. (IMPRINT)
Place of publication Delhi :
Name of publisher sudha publication pvt Ltd ,
Year of publication 1967.
300 ## - PHYSICAL DESCRIPTION
Number of Pages 480 ; .
942 ## - ADDED ENTRY ELEMENTS (KOHA)
Koha item type Books
Holdings
Withdrawn status Lost status Damaged status Home library Current library Date acquired Full call number Accession Number Koha item type
Withdrawn     KAUAET Sanskrit University 07/04/2012 330.954 9864 Books
free website counter